000
00317 a2200157 4500
001
194561
020
_a
978-85-61167-95-0
040
_c
Magnum
100
_a
Anabella, López
240
1
0
_a
Um coelho
_l
por
245
1
0
_a
Um coelho
300
_a
40
362
0
_a
2017
697
_a
LITERATURA INFANTO
942
_c
BK
999
_c
194561
_d
194561